000 00475nam a22001937a 4500
003 MPLRDC
005 20220104143124.0
008 210129b ||||| |||| 00| 0 eng d
020 _a983-9137-43-3
082 _a848.3 YS v.194
100 _a亦舒著
245 _a不羁的风
_c
250 _a一版一刷
260 _a
_b天地图书有限公司
_c1999
300 _b
490 _a亦舒小说系列;194
650 _a现代别集
942 _cBK
_o848.3 YS v.194
999 _c36827
_d36817